000 00782nam a2200265Ia 4500
003 OSt
005 20220928125142.0
006 a|||||r|||| 00| 0
007 ta
008 220927b |||||||| |||| 00| 0 eng d
020 _cUSD 135.00
024 _a133574
037 _b104, 14/03/2017, Aviva Books Company
_cTextual
040 _aSDCL
_cSDCL
_beng
041 _2eng
_aeng
082 _aS:43, Q6
100 _aKandel Eric R. Ed.
_9461286
245 0 _aLearning and memory
260 _aNew York
_b Cold Spring
_c2016
300 _axvii,289p.
_ccm.
650 _aBiophysics
700 _a Dudai Yadin Ed.
_9468302
942 _hS:43, Q6
_cTEXL
_2CC
999 _c781150
_d781150